Flexibilita pracovnej sily na Slovensku a v EÚ - komparatívny prieskum
Flexibilita práce v teórii a empírii. Komparatívny výskum flexibility práce v európskych krajinách.
Salvato in:
| Autore principale: | |
|---|---|
| Altri autori: | |
| Natura: | Capitolo di libro |
| Lingua: | slovacco |
| Soggetti: | |
| Tags: |
Nessun Tag, puoi essere il primo ad aggiungerne!!
|
MARC
| LEADER | 00000naa a2200000 4500 | ||
|---|---|---|---|
| 001 | 0209379 | ||
| 005 | 20231204131641.7 | ||
| 041 | 0 | |a slo | |
| 044 | |a SK | ||
| 245 | 1 | 0 | |a Flexibilita pracovnej sily na Slovensku a v EÚ - komparatívny prieskum |c Erika Ľapinová, Peter Pisár |
| 520 | |a Flexibilita práce v teórii a empírii. Komparatívny výskum flexibility práce v európskych krajinách. | ||
| 610 | 2 | 0 | |a Slovensko |
| 610 | 2 | 0 | |a Európska únia |
| 610 | 2 | 0 | |a analýza komparatívna |
| 610 | 2 | 0 | |a flexibilita |
| 610 | 2 | 0 | |a čas pracovný |
| 100 | 1 | |a Ľapinová, Erika | |
| 700 | 1 | |a Pisár, Peter | |